Fe en Dios y construcción de la historia /

Obra en que se discuten diversas posturas sobre la tarea de construir la historia desde el imaginario católico. De esta manera, se estudia la concepción de una historia de la que Dios es partícipe en su construcción; también se estudia aquélla en que Dios no participa.

Guardado en:
Detalles Bibliográficos
Autor principal: González Faus, José Ignacio (autor)
Formato: Libro
Idioma:Español
Publicado: Madrid, España : Trotta, 1998, c1998
Colección:(Estructuras y Procesos. Religión)
Temas:
Etiquetas: Agrega una etiqueta
Sin etiquetas, Sé el primero en etiquetar este registro!

MARC

LEADER 00000nam^a2200000^a^4500
001 000117386
005 20250521000000.0
009 20260310094204.727
020 |a 84-8164-211-8 
037 |a Acervo ITESO - Biblioteca 
041 |a ESP 
082 |a 231. 76  |b GON 
100 |a González Faus, José Ignacio  |e (autor) 
245 1 0 |a Fe en Dios y construcción de la historia /  |c J.I. González Faus. 
264 4 |a Madrid, España :  |b Trotta,  |c 1998, c1998 
300 |a 341 p. 
336 |a texto  |b txt  |2 rdacontenido 
337 |a sin mediación  |b n  |2 rdamedio 
338 |a volumen  |b nc  |2 rdasoporte 
440 1 |a (Estructuras y Procesos.  |p Religión) 
520 |a Obra en que se discuten diversas posturas sobre la tarea de construir la historia desde el imaginario católico. De esta manera, se estudia la concepción de una historia de la que Dios es partícipe en su construcción; también se estudia aquélla en que Dios no participa. 
649 |a XX 
650 |a Dios 
650 |a Creación 
650 |a Cosmogonía 
650 |a Teología Natural 
650 |a Filosofía 
650 |a Historia Universal 
650 |a Catolicismo 
650 |a Cristianismo 
650 |a Religión 
910 |a Fondo General 
920 |a Impresos - Libros 
930 |a Colección General 
905 |a 101 
901 |a 0500052482  |b IT1  |c ACC  |u 20250521 
902 |a https://opac.biblio.iteso.mx/vufind/Record/000117386